Tagore's Chitra and Aurbindo's Savitri: (Record no. 68364)

MARC details
000 -LEADER
fixed length control field 01613nam a22002537a 4500
005 - DATE AND TIME OF LATEST TRANSACTION
control field 20120710113130.0
010 ## - LCCN (DPL NO)
LC control number B-462429-433
020 ## - INTERNATIONAL STANDARD BOOK NUMBER
International Standard Book Number 9788126903535
Terms of availability 395.00
035 ## - SYSTEM CONTROL NUMBER
System control number B-462429-433
037 ## - SOURCE OF ACQUISITION
Stock number dpl
Source of stock number/acquisition K.K.Pub/Ven
082 ## - DEWEY DECIMAL CLASSIFICATION NUMBER
Classification number 891.4427
100 ## - MAIN ENTRY--PERSONAL NAME
Personal name Pandya N. Ketkin
245 ## - TITLE STATEMENT
Title Tagore's Chitra and Aurbindo's Savitri:
Remainder of title A Comparative Study/
Statement of responsibility, etc by Ketki N. Pandya
260 ## - PUBLICATION, DISTRIBUTION, ETC. (IMPRINT)
Place of publication, distribution, etc New Delhi
Name of publisher, distributor, etc Atlantic Publishers
Date of publication, distribution, etc 2004
270 ## - ADDRESS
Address B-2 Vishal Enclave, Opp. Rajouri Garden
City New Delhi
300 ## - PHYSICAL DESCRIPTION
Extent 168p
Dimensions 21cm
942 ## - ADDED ENTRY ELEMENTS (KOHA)
Source of classification or shelving scheme Dewey Decimal Classification
Item type English Books
Classification part 891.4427
Call number suffix PAN
Holdings
Withdrawn status Lost status Not for loan Collection code Home library Current library Date acquired Source of acquisition Cost, normal purchase price Full call number Barcode Copy number Cost, replacement price Koha item type
      Non-fiction Central Library Central Library 11/07/2012 K.K.Pub/1708/26.12.2011/25/18.01.2012/15.02.2012 395.00 891.4427 PAN B-462429 1 395.00 English Books
      Non-fiction Karol Bagh Karol Bagh 11/07/2012 K.K.Pub/1708/26.12.2011/25/18.01.2012/15.02.2012 395.00 891.4427 PAN B-462432 1 395.00 English Books
      Non-fiction Patel Nagar Patel Nagar 11/07/2012 K.K.Pub/1708/26.12.2011/25/18.01.2012/15.02.2012 395.00 891.4427 PAN B-462430 1 395.00 English Books
      Non-fiction Sarojini Nagar Sarojini Nagar 11/07/2012 K.K.Pub/1708/26.12.2011/25/18.01.2012/15.02.2012 395.00 891.4427 PAN B-462431 1 395.00 English Books
      Non-fiction Shahdara Branch Shahdara Branch 11/07/2012 K.K.Pub/1708/26.12.2011/25/18.01.2012/15.02.2012 395.00 891.4427 PAN B-462433 1 395.00 English Books

© Delhi Public Library
Hit Counter
free hit counter